Guess The Lead Actress In The Bollywood Movie #Medium# - Statistics

General Stats
  • This quiz has been taken 208 times
  • The average score is 14 of 20
Answer Stats
Name Of The Movie Name Of The Actress % Correct
Ae Dil Hai Mushkil Anushka Sharma
93%
Aashiqui 2 Shraddha Kapoor
89%
English Vinglish Sridevi
88%
Fashion Priyanka Chopra
86%
Queen Kangana Ranaut
85%
Fanaa Kajol
83%
Tanu Weds Manu Kangana Ranaut
77%
Baazigar Kajol
76%
Love Aaj Kal Deepika Padukone
74%
Bareilly Ki Barfi Kriti Sanon
71%
Dil Toh Pagal Hai Madhuri Dixit
71%
Hum Dil De Chuke Sanam Aishwarya Rai
69%
Fitoor Katrina Kaif
68%
Omkara Kareena Kapoor
61%
Paa Vidya Balan
59%
Dhadkan Shilpa Shetty
58%
Baghban Hema Malini
57%
Mardaani Rani Mukerji
55%
Fiza Karisma Kapoor
43%
Hum Hain Rahi Pyaar Ke Juhi Chawla
41%
No matching quizzes found
Score Distribution
Percent of People with Each Score
Percentile by Number Answered
Your Score History
You have not taken this quiz